000 00842nam0a22002531 4500
001 rc\152725
005 20250620211232.0
010 _a5-298-01156-X
_91000
035 _a(NLR Aleph) 005420509
090 _a7470407
_c7470407
100 _a20030307d1992 |||y0rusy50 ca
101 0 _arus
102 _aRU
105 _aa |||||||||
200 1 _aВозвращение Звезды
_eЛит.-публицист. эссе
_e[Перевод]
210 _aКазань
_cТатар. кн. изд-во
_d1992
215 _a156, [2] с.
_cпортр.
_d17
300 _aПеред вып. дан. авт.: Салих Маннапов (Валеев Мударис Харисович)
700 1 _aМаннапов
_bС.
_gСалих
801 0 _aRU
_bNLR
_gpsbo
801 1 _aRU
_bELAR
_2rusmarc
852 _aNLR
_j92-2/847
942 _cBOOK
980 _aNB